Living with water (Record no. 115377)

MARC details
000 -LEADER
fixed length control field 00732cad a2200217 4500
001 - CONTROL NUMBER
control field L158552
008 - FIXED-LENGTH DATA ELEMENTS--GENERAL INFORMATION
fixed length control field 110505u2015 000 0 eng u
035 ## - SYSTEM CONTROL NUMBER
System control number (Sirsi) u158552
041 0# - LANGUAGE CODE
Language code of text/sound track or separate title eng
110 2# - MAIN ENTRY--CORPORATE NAME
Corporate name or jurisdiction name as entry element Construction Industry Council
9 (RLIN) 2417
245 ## - TITLE STATEMENT
Title Living with water
Medium [electronic resource]
260 ## - PUBLICATION, DISTRIBUTION, ETC.
Place of publication, distribution, etc. London
Name of publisher, distributor, etc. Construction Industry Council
Date of publication, distribution, etc. 2015
520 ## - SUMMARY, ETC.
Summary, etc. Report from the Commission of Inquiry into flood resilience of the future.
590 ## - LOCAL NOTE (RLIN)
Local note KA NTK
650 ## - SUBJECT ADDED ENTRY--TOPICAL TERM
Topical term or geographic name entry element FLOOD RISK
650 ## - SUBJECT ADDED ENTRY--TOPICAL TERM
Topical term or geographic name entry element FLOOD DEFENCES
651 #4 - SUBJECT ADDED ENTRY--GEOGRAPHIC NAME
Geographic name United Kingdom
Chronological subdivision
690 ## - LOCAL SUBJECT ADDED ENTRY--TOPICAL TERM (OCLC, RLIN)
Topical term or geographic name as entry element Environment
9 (RLIN) 6238
856 40 - ELECTRONIC LOCATION AND ACCESS
Uniform Resource Identifier <a href="https://cic.org.uk/admin/resources/cic9605-appg-report.pdf">https://cic.org.uk/admin/resources/cic9605-appg-report.pdf</a>
Public note View this item free of charge at www.cic.org.uk
942 ## - ADDED ENTRY ELEMENTS (KOHA)
Suppress in OPAC 0
Holdings
Withdrawn status Lost status Source of classification or shelving scheme Damaged status Not for loan Home library Current library Shelving location Date acquired Total Checkouts Full call number Barcode Date last seen Copy number Price effective from Koha item type
    Dewey Decimal Classification     Virtual Virtual Online 21/04/2015   ONLINE PUBLICATION 158552-2001 06/08/2019 1 06/08/2019 Book